[Event "Torre Blanca Copa de Campeones"]
[Site "Buenos Aires"]
[Date "2001.11.12"]
[Round "3"]
[White "Antonino, Daniel"]
[Black "Vinardi, Ezequiel"]
[Result "0-1"]
[WhiteElo "1721"]
[BlackElo "2130"]
[PlyCount "78"]
[EventDate "2001.11.05"]
[EventType "swiss"]
[EventRounds "7"]
[EventCountry "ARG"]
[SourceTitle "EXT 2003"]
[Source "ChessBase"]
[SourceDate "2002.11.25"]
[SourceVersion "1"]
[SourceVersionDate "2002.11.25"]
[SourceQuality "1"]

1. d4 d5 2. c4 e6 3. Nf3 Nf6 4. Nc3 Be7 5. Bg5 0-0 6. e3 h6 7. Bxf6 Bxf6 8. Bd3 c6 9. 0-0 Nd7 10. Re1 dxc4 11. Bxc4 e5 12. a4 exd4 13. exd4 Nb6 14. Ba2 Bg4 15. Re4 Bh5 16. Qe2 Re8 17. Rd1 Qd7 18. Qd3 Nd5 19. Bxd5 cxd5 20. Ree1 Rac8 21. Qb5 Qxb5 22. Nxb5 Rxe1+ 23. Rxe1 Bxf3 24. gxf3 Rc2 25. Nc3 Bxd4 26. Re2 Rxe2 27. Nxe2 Bxb2 28. Nf4 d4 29. Nd3 Bc3 30. Kf1 a6 31. Ke2 b5 32. axb5 axb5 33. Nc1 Kh7 34. Kd3 Kg6 35. f4 Kf5 36. Ne2 b4 37. f3 b3 38. h3 b2 39. Ng3+ Kxf4 0-1

[Event "Torre Blanca Copa de Campeones"]
[Site "Buenos Aires"]
[Date "2001.11.05"]
[Round "1"]
[White "Antonino, Daniel"]
[Black "Galarce, Ruben"]
[Result "1-0"]
[WhiteElo "1721"]
[BlackElo "2077"]
[PlyCount "75"]
[EventDate "2001.11.05"]
[EventType "swiss"]
[EventRounds "7"]
[EventCountry "ARG"]
[SourceTitle "EXT 2003"]
[Source "ChessBase"]
[SourceDate "2002.11.25"]
[SourceVersion "1"]
[SourceVersionDate "2002.11.25"]
[SourceQuality "1"]

1. d4 Nf6 2. Nf3 e6 3. c4 d5 4. Nc3 c6 5. e3 Nbd7 6. Bd3 Bd6 7. 0-0 0-0 8. h3 Qe7 9. Nh2 dxc4 10. Bxc4 e5 11. Re1 Nb6 12. Bb3 e4 13. Bd2 Nbd5 14. a3 Re8 15. Qe2 Be6 16. Rec1 Qd7 17. Nf1 Bxh3 18. gxh3 Qxh3 19. Bd1 Re6 20. f4 exf3 21. Qxf3 Qh4 22. Qh1 Qxh1+ 23. Kxh1 Nxc3 24. Bxc3 Ne4 25. Be1 Rae8 26. Rc2 Rh6+ 27. Kg1 Ree6 28. Rg2 Rhg6 29. Bf3 Ng5 30. Bg4 Re4 31. Bf5 Nf3+ 32. Kf2 Nxe1 33. Rxg6 Nd3+ 34. Ke2 Nf4+ 35. Kf3 Rxe3+ 36. Nxe3 fxg6 37. Bc8 b6 38. b4 1-0